00405nam a22001337a 4500008004100000040005500041080001600096100001800112245005100130260004900181300001600230650001500246653001000261230403b |||||||| |||| 00| 0 eng d aNational Science LibrarycNational Science Library a141.131bK2 aMahdi, Muhsin aAlfarabi's:bPhilosophy of plato and aristotle aNew York: bCornell University Press, c1962 axxv, 156p.  aPhilosophy aPlato